| 000 | 00638nam a2200205 a 4500 | ||
|---|---|---|---|
| 005 | 20140310183139.0 | ||
| 008 | 020819s19uu xx 00 eng d | ||
| 020 | _a0195117646 | ||
| 050 |
_aHD 58.8 _b.F545 1998 |
||
| 100 | _aFlamholtz, Eric | ||
| 245 |
_aChanging the game: _cEric Flamholtz. _b organizational transformation of the first, second and third kinds / |
||
| 260 |
_aNew York : _bOxford University Press, _c1998. |
||
| 300 |
_a308 p. : _c23 cm. |
||
| 521 | _aBSBA | ||
| 650 | _aOrganizational change | ||
| 650 | _aOrganizational effectiveness | ||
| 650 | _aCorporate culture | ||
| 942 |
_cBK _2lcc _kFOR |
||
| 999 |
_c19362 _d19362 |
||